000 00919cam a2200217 4500
001 ABS66898
008 030808n2003 000 0 eng u
035 _a(Sirsi) u123251
100 _aBooty, F.
245 _aFlexible working at PricewaterhouseCoopers
260 _c2003
490 _aRICS Facilities Management Faculty Feature
_v28 July 2003 (5)
520 _aCase study of flexible working practices at PricewaterhouseCoopers which are closely linked to the company's property strategy. This is focused on creating a better working environment through sharing of office space. Each part of the business develops its own benchmarks for sharing, a process which has led to reduced occupancy costs.
590 _aABS
650 _aFLEXIBLE WORKING
650 _aOCCUPANCY COSTS
650 _aSHARED ACCOMMODATION
650 _aWORKSPACE DESIGN
690 _aMANAGEMENT-FACILITIES MANAGEMENT
942 _n0
999 _c73203
_d73203